[Event "Tournoi Skype 028A"]
[Site "Skype"]
[Date "????.??.??"]
[Round "1.1"]
[White "Galani, Mahendra"]
[Black "Figueroa, Tomas"]
[Result "0-1"]
[WhiteElo "1526"]
[BlackElo "2093"]
[PlyCount "70"]

1. e4 e6 2. Nc3 d5 3. d4 Bb4 4. Qd3 dxe4 5. Qb5+ Nc6 6. Nge2 Nf6 7. a3 Bxc3+ 8.
bxc3 O-O 9. Ng3 a6 10. Qg5 h6 11. Qe3 e5 12. dxe5 Nxe5 13. Be2 Neg4 14. Bxg4
Bxg4 15. O-O Qd5 16. Qf4 Rae8 17. Be3 Qc6 18. Bd4 Bc8 19. Bxf6 Qxf6 20. Qxc7
Kh8 21. Qc5 Qe7 22. Qe3 Qc7 23. Rfd1 f5 24. Qd4 Rd8 25. Qb4 a5 26. Qb3 Qc5 27.
Re1 Rd2 28. Rf1 e3 29. c4 exf2+ 30. Kh1 Re8 31. Qc3 Qe3 32. Qxe3 Rxe3 33. Rac1
g6 34. Rcd1 Rxd1 35. Rxd1 Re1+ 0-1

[Event "Tournoi Skype 028A"]
[Site "Skype"]
[Date "????.??.??"]
[Round "1.2"]
[White "Ibarra Cantu, Raul Alberto"]
[Black "Leyton Calderon, Jairo Oswaldo"]
[Result "1/2-1/2"]
[WhiteElo "1967"]
[BlackElo "1526"]
[PlyCount "98"]

1. e4 c5 2. Nf3 g6 3. d4 cxd4 4. Nxd4 Nc6 5. c4 Nf6 6. Nc3 d6 7. Be2 Nxd4 8.
Qxd4 Bg7 9. Be3 Qa5 10. O-O O-O 11. Qd2 Be6 12. Rac1 Rfc8 13. b3 a6 14. f3 b5
15. Nd5 Qxd2 16. Bxd2 Nxd5 17. exd5 Bd7 18. Be3 bxc4 19. Bxc4 Bb5 20. Bxb5 axb5
21. Rxc8+ Rxc8 22. Rc1 Rxc1+ 23. Bxc1 Kf8 24. Kf2 e6 25. dxe6 fxe6 26. Ke2 Ke8
27. Kd3 Kd7 28. Be3 Kc6 29. Ke4 d5+ 30. Kd3 e5 31. Bc1 Bf8 32. Bb2 Bd6 33. g3
Kd7 34. Bc1 Ke6 35. a4 bxa4 36. bxa4 Kd7 37. f4 Kc6 38. fxe5 Bxe5 39. Be3 h5
40. Bd4 Bd6 41. Ke2 g5 42. Be3 g4 43. Kd3 Be5 44. Bd4 Bd6 45. Ke3 Bc7 46. Kd3
Bd6 47. Be3 Be5 48. Bd4 Bc7 49. Be3 Be5 1/2-1/2

[Event "Tournoi Skype 028A"]
[Site "Skype"]
[Date "????.??.??"]
[Round "1.3"]
[White "Saponara, Jose Maria"]
[Black "Hilton, Stephen"]
[Result "0-1"]
[WhiteElo "1524"]
[BlackElo "1865"]
[PlyCount "72"]

1. e4 c5 2. Nf3 a6 3. d4 cxd4 4. Nxd4 e5 5. Nf3 Nf6 6. Nc3 Nc6 7. Bc4 h6 8. Bb3
Bb4 9. Bd2 O-O 10. O-O d6 11. h3 Bxc3 12. Bxc3 Nxe4 13. Qd3 Nc5 14. Qe3 Nxb3
15. axb3 Qe7 16. Rfe1 Bf5 17. Qe2 Rfe8 18. Ra4 Qc7 19. Qd1 Re6 20. Nh4 Bh7 21.
Rg4 f5 22. Rg3 Rae8 23. Qh5 Qf7 24. Qd1 f4 25. Rg4 Bf5 26. Nxf5 Qxf5 27. b4 h5
28. Rh4 g6 29. g3 Qg5 30. Kh2 Rf6 31. b5 axb5 32. Qd5+ Kg7 33. Qxb5 fxg3+ 34.
fxg3 Rf2+ 35. Kh1 Qxg3 36. Qxb7+ Re7 0-1

[Event "Tournoi Skype 028A"]
[Site "Skype"]
[Date "????.??.??"]
[Round "1.4"]
[White "Benson, Paul"]
[Black "Gadow, Martin"]
[Result "1-0"]
[WhiteElo "1839"]
[BlackElo "1521"]
[PlyCount "65"]

1. e4 c5 2. Nf3 e6 3. d4 cxd4 4. Nxd4 a6 5. Be2 Nf6 6. Nd2 d6 7. O-O Be7 8. Kh1
Qc7 9. f4 b6 10. Bf3 Nbd7 11. c4 Bb7 12. Qe2 O-O 13. b3 Rfe8 14. Bb2 Bf8 15.
Qf2 Nc5 16. Qe3 Qd8 17. e5 Nfd7 18. exd6 Bxd6 19. b4 Bxf3 20. bxc5 bxc5 21.
N4xf3 Qc7 22. Ne5 Rab8 23. Bc3 f6 24. Nxd7 Qxd7 25. Rad1 Qc7 26. Ne4 Bf8 27.
Rd3 Rbd8 28. g3 Rxd3 29. Qxd3 Rd8 30. Qe3 Qc6 31. Kg1 Qa4 32. Nxf6+ gxf6 33.
Qxe6+ 1-0

[Event "Tournoi Skype 028A"]
[Site "Skype"]
[Date "????.??.??"]
[Round "1.5"]
[White "Violette, Didier"]
[Black "Deville, Olivier"]
[Result "1/2-1/2"]
[WhiteElo "1520"]
[BlackElo "1823"]
[PlyCount "70"]

1. e4 c5 2. Nf3 d6 3. d4 Nf6 4. Bd3 cxd4 5. Nxd4 Nc6 6. c3 e6 7. f3 Be7 8. Be3
a6 9. Nd2 Qc7 10. Nc4 b5 11. Nxc6 Qxc6 12. Na5 Qc7 13. b4 Qxc3+ 14. Kf2 Qxb4
15. Nc6 Qb2+ 16. Be2 Bd7 17. Qc1 Qxc1 18. Rhxc1 Rc8 19. Na7 Rb8 20. Rc7 Bd8 21.
Rc2 O-O 22. Rac1 Ne8 23. Nc6 Ra8 24. Nxd8 Rxd8 25. Bb6 Rb8 26. Ba5 Nf6 27. Bc7
Rbc8 28. Bxd6 Rxc2 29. Rxc2 Rc8 30. Rd2 Bc6 31. Bb4 Ne8 32. Bd1 Ra8 33. Ba5 g6
34. Bb3 Rb8 35. g4 h6 1/2-1/2

[Event "Tournoi Skype 028A"]
[Site "Skype"]
[Date "????.??.??"]
[Round "1.6"]
[White "Hahnewald, Uwe"]
[Black "Garcia Diaz, Jose"]
[Result "1-0"]
[WhiteElo "1823"]
[BlackElo "1513"]
[PlyCount "113"]

1. c4 c5 2. Nf3 Nf6 3. Nc3 Nc6 4. d4 cxd4 5. Nxd4 e5 6. Ndb5 d6 7. e4 a6 8. Na3
Be7 9. Be2 O-O 10. O-O Nd4 11. Bd3 Bd7 12. Nc2 Bg4 13. f3 Nxc2 14. Qxc2 Be6 15.
Be3 Rc8 16. b3 Nd7 17. Rfd1 Qc7 18. Rac1 Nc5 19. Be2 f5 20. exf5 Bxf5 21. Qd2
Be6 22. Nd5 Bxd5 23. Qxd5+ Kh8 24. Rd2 Qc6 25. Rcd1 Qxd5 26. Rxd5 Nd7 27. Rf1
Nf6 28. Rd2 Rcd8 29. Rfd1 h6 30. Bb6 Rc8 31. Be3 Nd7 32. Bd3 Nc5 33. Bxc5 dxc5
34. Be4 Rcd8 35. Bxb7 Rd4 36. Bxa6 Bg5 37. Rxd4 exd4 38. Bb7 Be3+ 39. Kf1 Rf7
40. Be4 g5 41. h3 h5 42. Bg6 Ra7 43. a4 h4 44. Ke2 Rb7 45. Bc2 Kg7 46. a5 Re7
47. Be4 Re6 48. Ra1 Ra6 49. Bb7 Ra7 50. a6 Kf6 51. Ra5 Ke7 52. Kd3 Kd6 53. Rb5
Bf4 54. b4 cxb4 55. Rxb4 Be3 56. Rb5 Kc7 57. c5 1-0

[Event "Tournoi Skype 028A"]
[Site "Skype"]
[Date "????.??.??"]
[Round "1.7"]
[White "Zenini, Simone"]
[Black "Montalvo, Mario"]
[Result "0-1"]
[WhiteElo "1489"]
[BlackElo "1811"]
[PlyCount "46"]

1. e4 d6 2. Nf3 Nf6 3. d4 Nxe4 4. Bd3 Nf6 5. O-O g6 6. c3 Bg7 7. Bf4 O-O 8. Re1
Nbd7 9. Nbd2 c5 10. Qe2 Re8 11. dxc5 Nxc5 12. Bc4 Be6 13. Bb5 Bd7 14. Nd4 Bxb5
15. Nxb5 a6 16. Na3 Ne6 17. Be3 Nd5 18. Qf3 Nxe3 19. Rxe3 b5 20. Rb1 Qa5 21.
Nb3 Qb6 22. Nc2 Rac8 23. Re4 Ng5 0-1

[Event "Tournoi Skype 028A"]
[Site "Skype"]
[Date "????.??.??"]
[Round "1.8"]
[White "Elias, Roberto"]
[Black "Vilas Boas, Crisolon Terto"]
[Result "1-0"]
[WhiteElo "1782"]
[BlackElo "1488"]
[PlyCount "49"]

1. c4 e5 2. Nc3 Nf6 3. g3 c5 4. Bg2 Nc6 5. d3 a6 6. Bg5 Be7 7. Nf3 O-O 8. O-O
h6 9. Bd2 Nh7 10. Nd5 f5 11. Nxe7+ Qxe7 12. Nh4 Rf6 13. Bd5+ Kh8 14. e4 d6 15.
Qh5 Nf8 16. exf5 Nd4 17. Bg5 Nxf5 18. Bxf6 Qxf6 19. Bxb7 Bxb7 20. Qxf5 Qe7 21.
f4 e4 22. Rae1 e3 23. Re2 Bc8 24. Qe4 Bb7 25. Qxe7 1-0

[Event "Tournoi Skype 028A"]
[Site "Skype"]
[Date "????.??.??"]
[Round "1.9"]
[White "Karia, Vijay"]
[Black "Ricieri, Vinicius"]
[Result "0-1"]
[WhiteElo "1482"]
[BlackElo "1781"]
[PlyCount "86"]

1. e4 c5 2. Nc3 Nc6 3. f4 g6 4. Nf3 Bg7 5. Bb5 e6 6. O-O Nge7 7. d3 O-O 8. Qe1
d5 9. e5 a6 10. Bxc6 Nxc6 11. a3 b5 12. Qf2 Qe7 13. Ne2 Bb7 14. Bd2 d4 15. Ng3
Rfd8 16. Ne4 Rac8 17. Qg3 c4 18. dxc4 bxc4 19. Nd6 Rxd6 20. exd6 Qxd6 21. Ng5
Ne7 22. Bb4 Qd7 23. Qh4 h6 24. Nf3 Nf5 25. Qh3 Ne3 26. Rf2 Qc7 27. Ne1 Nd5 28.
Bd2 c3 29. bxc3 dxc3 30. Be3 Nxe3 31. Qxe3 Rd8 32. Nd3 Bd4 33. Qh3 Bxf2+ 34.
Kxf2 Qc6 35. Rd1 Kg7 36. Re1 Rd5 37. Rb1 Qa4 38. Rb3 Qc6 39. Qe3 Rb5 40. Qd4+
Kh7 41. Rxc3 Qxg2+ 42. Ke3 Qg1+ 43. Nf2 Qe1+ 0-1

[Event "Tournoi Skype 028A"]
[Site "Skype"]
[Date "????.??.??"]
[Round "1.10"]
[White "Rico Hernandez, Edgar"]
[Black "Mitrani, Alberto"]
[Result "1/2-1/2"]
[WhiteElo "1772"]
[BlackElo "1482"]
[PlyCount "54"]

1. d4 d6 2. c4 Nf6 3. Nc3 g6 4. e4 Bg7 5. f4 c5 6. d5 O-O 7. Nf3 Nbd7 8. Bd3
Re8 9. O-O e6 10. dxe6 fxe6 11. e5 dxe5 12. fxe5 Ng4 13. Qe2 Ngxe5 14. Be4
Nxf3+ 15. Bxf3 Qb6 16. Bg5 Bd4+ 17. Kh1 Ne5 18. Be4 Bd7 19. Bf4 Rf8 20. Rad1
Nc6 21. Nb5 e5 22. Bh6 Rxf1+ 23. Rxf1 Ne7 24. Qf3 Bf5 25. g4 Bxe4 26. Qxe4 Bxb2
27. Qg2 Qc6 1/2-1/2

[Event "Tournoi Skype 028A"]
[Site "Skype"]
[Date "????.??.??"]
[Round "1.11"]
[White "Solis, Manuel"]
[Black "Mayor Martinez, Juan Jose"]
[Result "0-1"]
[WhiteElo "1481"]
[BlackElo "1768"]
[PlyCount "48"]

1. c4 e5 2. Nc3 Nf6 3. g3 d6 4. Bg2 c6 5. d3 Be7 6. Nf3 Nbd7 7. O-O O-O 8. Qc2
d5 9. cxd5 cxd5 10. e3 a6 11. a3 b5 12. b4 Bb7 13. Re1 Rc8 14. Bb2 Bd6 15. Qb3
Qb6 16. a4 bxa4 17. Nxa4 Qxb4 18. Qxb4 Bxb4 19. Re2 Rfe8 20. h3 a5 21. Kf1 Ba6
22. Ne1 e4 23. Bxf6 Nxf6 24. Nb6 Rb8 0-1

[Event "Tournoi Skype 028A"]
[Site "Skype"]
[Date "????.??.??"]
[Round "1.13"]
[White "Rodriguez Gonzalez, Jaime Rafael"]
[Black "Legueltel, Daniel"]
[Result "1/2-1/2"]
[WhiteElo "1473"]
[BlackElo "1753"]
[PlyCount "73"]

1. d4 d5 2. Bf4 Nf6 3. e3 e6 4. Nf3 Bd6 5. Ne5 c5 6. c3 Qc7 7. Nd2 Nbd7 8. Ndf3
Ne4 9. Qc2 cxd4 10. exd4 f6 11. Nd2 Nxd2 12. Bxd2 fxe5 13. dxe5 Nxe5 14. f4 Ng6
15. g3 O-O 16. Bd3 Qf7 17. Rf1 Bd7 18. h4 Nxf4 19. Bxf4 Bxf4 20. Rxf4 Qh5 21.
Qe2 Qxe2+ 22. Kxe2 Rxf4 23. gxf4 Rf8 24. Rf1 Rf6 25. Ke3 Rh6 26. Rh1 Kf7 27. c4
Bc6 28. Rh2 dxc4 29. Bxc4 Bd5 30. Bxd5 exd5 31. Kd4 Ke6 32. Re2+ Kd6 33. Rh2
Rh5 34. a4 Kc6 35. b4 Kb6 36. Re2 Rxh4 37. Re6+ 1/2-1/2

[Event "Tournoi Skype 028A"]
[Site "Skype"]
[Date "????.??.??"]
[Round "1.14"]
[White "Grosso, Raul"]
[Black "Zendeboodi, Fariba"]
[Result "0-1"]
[WhiteElo "1746"]
[BlackElo "1468"]
[PlyCount "48"]

1. d4 d5 2. Nf3 Nf6 3. e3 Bf5 4. c4 c6 5. Nc3 e6 6. Qb3 Qb6 7. Qxb6 axb6 8. Nh4
Bc2 9. Kd2 Bb3 10. cxd5 cxd5 11. Rb1 Bxa2 12. Ra1 Bb4 13. Kc2 Bxc3 14. Kxc3
Ne4+ 15. Kb4 Nc6+ 16. Kb5 O-O 17. Kxb6 Nd6 18. Bd2 Rfc8 19. Bd3 Ne4 20. Bxe4
dxe4 21. g3 Ra6+ 22. Kxb7 Raa8 23. Rxa2 Rab8+ 24. Ka6 Rc7 0-1

[Event "Tournoi Skype 028A"]
[Site "Skype"]
[Date "????.??.??"]
[Round "1.15"]
[White "Engstrom, Olle"]
[Black "Rapaire, Jean-Michel"]
[Result "1/2-1/2"]
[WhiteElo "1463"]
[BlackElo "1742"]
[PlyCount "73"]

1. e4 d5 2. exd5 Qxd5 3. Nc3 Qd8 4. Bc4 Nf6 5. Nf3 Bf5 6. d3 e6 7. O-O Be7 8.
Bf4 c6 9. Re1 O-O 10. Qd2 Nd5 11. Bg3 Bb4 12. Bxd5 cxd5 13. a3 Ba5 14. b4 Bc7
15. Bxc7 Qxc7 16. Ne2 Nd7 17. Ned4 Bg6 18. Nh4 Rac8 19. Nxg6 hxg6 20. f4 a6 21.
a4 Qc3 22. Qxc3 Rxc3 23. Ra2 Rfc8 24. Re2 Kf8 25. Kf2 Re8 26. Ke1 e5 27. fxe5
Rxe5 28. Rxe5 Nxe5 29. Kd2 Rc7 30. Ra1 Ke7 31. Re1 Kd6 32. b5 f6 33. bxa6 bxa6
34. Rb1 Nd7 35. Rb4 Rc8 36. Rb1 Rb8 37. Rb3 1/2-1/2

[Event "Tournoi Skype 028A"]
[Site "Skype"]
[Date "????.??.??"]
[Round "1.16"]
[White "Sanchez Ruiz, Piedad Esmeralda"]
[Black "Fernandez Cabello, Emilio"]
[Result "1-0"]
[WhiteElo "1721"]
[BlackElo "1458"]
[PlyCount "51"]

1. e4 e6 2. d4 d5 3. e5 c5 4. dxc5 Bxc5 5. Bd3 Nc6 6. Nf3 Nge7 7. O-O Nb4 8.
Nc3 Nxd3 9. cxd3 Nc6 10. d4 Be7 11. Ne2 O-O 12. Ng3 f6 13. exf6 Bxf6 14. Nh5
Qe8 15. Nxf6+ Rxf6 16. Nh4 Ne7 17. Bg5 Rf7 18. Rc1 Nc6 19. Rc3 Bd7 20. Rg3 Kh8
21. Qd2 Ne7 22. Bf4 g6 23. Be5+ Kg8 24. Qh6 Qf8 25. Qh5 Nf5 26. Rxg6+ 1-0

[Event "Tournoi Skype 028A"]
[Site "Skype"]
[Date "????.??.??"]
[Round "1.17"]
[White "Gharbi, Said"]
[Black "Ortega, Elvis"]
[Result "0-1"]
[WhiteElo "1456"]
[BlackElo "1712"]
[PlyCount "35"]

1. e4 c5 2. c3 Nf6 3. e5 Nd5 4. d4 cxd4 5. cxd4 d6 6. Nf3 e6 7. Bb5+ Nd7 8. Nc3
Nxc3 9. bxc3 Qa5 10. Qb3 Be7 11. Ba3 O-O 12. Bxd7 Bxd7 13. exd6 Bf6 14. O-O Bc6
15. Nd2 Qg5 16. g3 Qxd2 17. d7 Rfd8 18. Bc1 0-1

[Event "Tournoi Skype 028A"]
[Site "Skype"]
[Date "????.??.??"]
[Round "1.18"]
[White "Calcino, Luis"]
[Black "Ortiz, Vladimir"]
[Result "1-0"]
[WhiteElo "1706"]
[BlackElo "1419"]
[PlyCount "113"]

1. e4 e6 2. Qe2 c6 3. g3 Qe7 4. Bg2 d5 5. d3 h6 6. e5 Nd7 7. Nf3 Qd8 8. Nc3 Bb4
9. Bd2 Ne7 10. O-O Ng6 11. d4 Be7 12. Ne1 a6 13. f4 c5 14. f5 Ngf8 15. fxe6
Nxe6 16. Bxd5 Nb6 17. Qf3 Rf8 18. dxc5 Bxc5+ 19. Kg2 Nxd5 20. Qxd5 Qxd5+ 21.
Nxd5 Bd4 22. Nd3 Bd7 23. Ne3 Bc6+ 24. Kf2 Be4 25. Rae1 Bxd3 26. cxd3 Bxb2 27.
Nf5 Ba3 28. Nd6+ Bxd6 29. exd6 Rd8 30. Bb4 Kd7 31. Rc1 Rc8 32. Rxc8 Rxc8 33.
Ke3 g6 34. Rxf7+ Kc6 35. Re7 Nc5 36. d4 Nd7 37. Re6 Rg8 38. Ke4 Nb6 39. Re5 Nc8
40. Rc5+ Kd7 41. Rc7+ Ke6 42. d5+ Kf6 43. h4 Re8+ 44. Kf3 Nxd6 45. Bxd6 g5 46.
Rxb7 gxh4 47. gxh4 Kg6 48. Re7 Rf8+ 49. Ke4 Rf2 50. Re6+ Kh7 51. Bf4 Rxa2 52.
d6 Ra4+ 53. Kf5 Rd4 54. Re7+ Kg8 55. Ke6 Rxf4 56. d7 Rf8 57. Re8 1-0

[Event "Tournoi Skype 028A"]
[Site "Skype"]
[Date "????.??.??"]
[Round "1.19"]
[White "Rajpurohit, Dinesh"]
[Black "Martinez Quintero, Javier"]
[Result "1/2-1/2"]
[WhiteElo "1412"]
[BlackElo "1697"]
[PlyCount "87"]

1. d4 Nf6 2. c4 e6 3. Nc3 d5 4. e3 b6 5. Bd3 dxc4 6. Bxc4 Bb7 7. Nf3 c5 8. O-O
Nc6 9. Bb5 Bd6 10. Qa4 Qc7 11. e4 cxd4 12. Nxd4 Bxh2+ 13. Kh1 Rc8 14. Nxc6 O-O
15. Bg5 a6 16. Bxf6 gxf6 17. Bxa6 Bxa6 18. Qxa6 Qxc6 19. Kxh2 Qd6+ 20. Kg1 Rc5
21. Qe2 Qf4 22. Rad1 Kh8 23. Rd3 Rg8 24. Qf3 Qh6 25. e5 Rxe5 26. Ne4 Rf5 27.
Qe3 Qh4 28. Ng3 Rfg5 29. Qxb6 f5 30. Qd4+ Qxd4 31. Rxd4 e5 32. Rh4 f4 33. Ne4
Rxg2+ 34. Kh1 R2g6 35. b4 f5 36. Nc3 f3 37. Nd5 Rg4 38. Rxh7+ Kxh7 39. Nf6+ Kg6
40. Nxg8 Rh4+ 41. Kg1 f4 42. Rb1 Rg4+ 43. Kf1 Rh4 44. Kg1 1/2-1/2

[Event "Tournoi Skype 028A"]
[Site "Skype"]
[Date "????.??.??"]
[Round "1.20"]
[White "Rosales, Jhon Mike"]
[Black "Aceituno, Stebe"]
[Result "1-0"]
[WhiteElo "1690"]
[BlackElo "1400"]
[PlyCount "59"]

1. e4 c5 2. c3 Nc6 3. d4 cxd4 4. cxd4 d6 5. Nc3 a6 6. Bc4 e6 7. Nf3 Nf6 8. O-O
Be7 9. e5 dxe5 10. dxe5 Qxd1 11. Rxd1 Ng4 12. Bf4 O-O 13. h3 b5 14. hxg4 bxc4
15. Ne4 Bb7 16. Rd7 Bc8 17. Rc7 Nb4 18. Rxe7 Nd3 19. Be3 Nxb2 20. Rb1 Nd3 21.
Bd4 a5 22. Nd6 Nb4 23. Rc7 Ba6 24. Nxc4 Nd5 25. Rc5 Rfc8 26. Nxa5 Rxc5 27. Bxc5
h6 28. Bd6 Bd3 29. Rb8+ Rxb8 30. Bxb8 1-0

[Event "Tournoi Skype 028A"]
[Site "Skype"]
[Date "????.??.??"]
[Round "1.21"]
[White "Couto, Januario"]
[Black "Lucena Vaz, Jose"]
[Result "1/2-1/2"]
[WhiteElo "1387"]
[BlackElo "1674"]
[PlyCount "39"]

1. c4 g6 2. Nc3 Bg7 3. d4 Nf6 4. e4 d6 5. Nf3 O-O 6. Bd3 Bg4 7. O-O Nbd7 8. Bf4
e5 9. dxe5 dxe5 10. Bg3 Re8 11. h3 Bxf3 12. Qxf3 Nc5 13. Rad1 c6 14. Bc2 Qb6
15. b3 Rad8 16. Rxd8 Qxd8 17. Rd1 Qc7 18. b4 Ne6 19. Ne2 Nh5 20. Bh2 1/2-1/2

[Event "Tournoi Skype 028A"]
[Site "Skype"]
[Date "????.??.??"]
[Round "1.22"]
[White "Quintero Gemio, Antonio Joaquin"]
[Black "Ramirez Reina, Orlando"]
[Result "1-0"]
[WhiteElo "1673"]
[BlackElo "1385"]
[PlyCount "47"]

1. d4 Nf6 2. c4 g6 3. Nc3 Bg7 4. e4 d6 5. h3 O-O 6. Be3 e5 7. d5 c6 8. Bd3 cxd5
9. cxd5 Qa5 10. Nge2 a6 11. g4 Nfd7 12. g5 b5 13. a3 Qc7 14. Ng3 Bb7 15. h4 Nc5
16. Bc2 Nbd7 17. h5 Nb6 18. Qg4 Nc4 19. O-O-O Qd7 20. Qh4 Bh8 21. Nf5 f6 22.
hxg6 fxg5 23. gxh7+ Qxh7 24. Qxh7# 1-0

[Event "Tournoi Skype 028A"]
[Site "Skype"]
[Date "????.??.??"]
[Round "1.23"]
[White "Perrone, Gabriel Lorenzo"]
[Black "Knafo, Michel"]
[Result "1/2-1/2"]
[WhiteElo "1377"]
[BlackElo "1658"]
[PlyCount "104"]

1. d4 Nf6 2. c4 e6 3. Nf3 d5 4. Bg5 h6 5. Bh4 Be7 6. e3 c6 7. Be2 O-O 8. O-O
Re8 9. Nc3 Nbd7 10. Rc1 Nf8 11. Ne5 N8d7 12. Nf3 Nh7 13. Bxe7 Qxe7 14. cxd5
exd5 15. Re1 Ng5 16. Qc2 Nxf3+ 17. Bxf3 Nf6 18. e4 Bf5 19. Qe2 Nxe4 20. Nxe4
Bxe4 21. Bxe4 Qxe4 22. Qxe4 dxe4 23. Re3 Rad8 24. Rc4 Rd7 25. g3 f5 26. a4 Red8
27. Rb4 b6 28. Rc4 Rxd4 29. Rxc6 Rxa4 30. f3 Rd1+ 31. Kf2 Rd2+ 32. Re2 Rxe2+
33. Kxe2 Ra2 34. Rc2 exf3+ 35. Kxf3 a5 36. Kf4 g6 37. Rc6 Rxb2 38. Rxg6+ Kh7
39. Rf6 a4 40. Rf7+ Kg6 41. Ra7 b5 42. Ra6+ Kg7 43. Kxf5 Rf2+ 44. Kg4 Rxh2 45.
Ra7+ Kf6 46. Kf4 Rf2+ 47. Ke4 Rf5 48. Ra6+ Kg5 49. Ra8 Rc5 50. Kd4 Rc4+ 51. Kd3
Rg4 52. Kc2 Rxg3 1/2-1/2

[Event "Tournoi Skype 028A"]
[Site "Skype"]
[Date "????.??.??"]
[Round "1.24"]
[White "Lovell, Stan"]
[Black "Mantelli, Luca"]
[Result "1-0"]
[WhiteElo "1651"]
[BlackElo "1370"]
[PlyCount "77"]

1. d4 d5 2. Nc3 Nf6 3. Nf3 c5 4. dxc5 e6 5. Bf4 Bxc5 6. e3 a6 7. Bd3 Nc6 8. O-O
O-O 9. Qe2 Bd6 10. Bg3 Re8 11. a3 e5 12. e4 d4 13. Nd1 Bg4 14. h3 Bh5 15. Bh4
Be7 16. g4 Bg6 17. Bg3 h6 18. Nxe5 Bh7 19. Nxc6 bxc6 20. f3 Nd7 21. Bxa6 Bh4
22. Bh2 Bf6 23. Bd3 Be5 24. Bxe5 Nxe5 25. Nf2 Qf6 26. Nh1 Qh4 27. Qh2 Re6 28.
Qg3 Qf6 29. f4 Nd7 30. e5 Qe7 31. Bxh7+ Kxh7 32. Qd3+ Kh8 33. Qxd4 Re8 34. Qf2
Rf8 35. Ng3 f6 36. exf6 Rfxf6 37. Rae1 Rxe1 38. Rxe1 Qxe1+ 39. Qxe1 1-0

[Event "Tournoi Skype 028A"]
[Site "Skype"]
[Date "????.??.??"]
[Round "1.25"]
[White "Morelli, Daniel"]
[Black "Lambert, Pierre"]
[Result "1/2-1/2"]
[WhiteElo "1370"]
[BlackElo "1647"]
[PlyCount "86"]

1. e4 c5 2. Nc3 Nc6 3. f4 d6 4. Nf3 Nf6 5. Bb5 Bd7 6. d3 a6 7. Bxc6 Bxc6 8. O-O
e6 9. Qe1 Be7 10. Qg3 O-O 11. f5 Kh8 12. fxe6 fxe6 13. Be3 d5 14. Ne5 Be8 15.
exd5 exd5 16. Bg5 Bh5 17. Rf5 Qe8 18. Qh4 Bg6 19. Nxg6+ Qxg6 20. Raf1 Rad8 21.
Bxf6 Bxf6 22. Qf4 Bd4+ 23. Kh1 Rxf5 24. Qxf5 Qxf5 25. Rxf5 Bxc3 26. bxc3 Kg8
27. Kg1 b6 28. a4 d4 29. c4 a5 30. Kf2 Rd6 31. g4 g6 32. Rf4 Re6 33. g5 Kg7 34.
Re4 Rxe4 35. dxe4 h6 36. gxh6+ Kxh6 37. e5 Kg5 38. Kf3 Kf5 39. e6 Kxe6 40. Ke4
Kd6 41. h4 Ke6 42. Kf4 Kf6 43. Ke4 Ke6 1/2-1/2

[Event "Tournoi Skype 028A"]
[Site "Skype"]
[Date "????.??.??"]
[Round "1.26"]
[White "Mulrooney, Justin"]
[Black "Carballo, Jorge"]
[Result "1-0"]
[WhiteElo "1626"]
[BlackElo "1367"]
[PlyCount "25"]

1. e4 e5 2. Nf3 Nc6 3. d4 exd4 4. Nxd4 d6 5. Nc3 Nf6 6. Be3 Be7 7. Bd3 Be6 8.
a3 Nxd4 9. Bxd4 O-O 10. h3 Nd7 11. Qh5 g6 12. Qh6 Bg5 13. Qg7# 1-0

[Event "Tournoi Skype 028A"]
[Site "Skype"]
[Date "????.??.??"]
[Round "1.28"]
[White "Mishra, Sourabh"]
[Black "Abate, Leonardo"]
[Result "1-0"]
[WhiteElo "1610"]
[BlackElo "1342"]
[PlyCount "71"]

1. d4 Nf6 2. c4 e6 3. Nf3 b6 4. a3 Bb7 5. Nc3 d5 6. cxd5 Nxd5 7. Nxd5 exd5 8.
e3 Bd6 9. Bd3 O-O 10. O-O Nd7 11. Qc2 g6 12. Bd2 c5 13. dxc5 Nxc5 14. Bb5 Rc8
15. Qd1 Ne4 16. Bc1 a6 17. Bd3 Re8 18. b4 a5 19. bxa5 bxa5 20. Bb2 Nc3 21. Qe1
Na4 22. Bd4 Nc5 23. Bb5 Re4 24. Rb1 Qe7 25. Qxa5 Ne6 26. Bb2 Ng5 27. Nxg5 Qxg5
28. g3 d4 29. Bxd4 Rg4 30. Qd2 Qh4 31. Bd7 Rxg3+ 32. fxg3 Bxg3 33. Rxb7 Bxh2+
34. Qxh2 Qg5+ 35. Qg2 Qe7 36. Bxc8 1-0

[Event "Tournoi Skype 028A"]
[Site "Skype"]
[Date "????.??.??"]
[Round "1.29"]
[White "Le Brun, Yves"]
[Black "Calderon, Francisco"]
[Result "0-1"]
[WhiteElo "1338"]
[BlackElo "1604"]
[PlyCount "96"]

1. d4 d5 2. Bf4 Bf5 3. Nf3 Nc6 4. a3 h6 5. e3 a6 6. Be2 Nf6 7. h3 e6 8. Ne5
Nxe5 9. dxe5 Nd7 10. Nd2 c5 11. c3 Qc7 12. Nf3 Be4 13. Bg3 Bxf3 14. gxf3 Nxe5
15. f4 Nc6 16. Qc2 f5 17. O-O-O O-O-O 18. Rhg1 c4 19. Bh4 Rd7 20. Bh5 Bd6 21.
Kb1 Qb6 22. Rg6 Bxa3 23. Rxe6 Qb5 24. Re8+ Rxe8 25. Bxe8 Rc7 26. Bg6 Ne7 27.
Be8 Qxe8 28. bxa3 Qf7 29. Qd2 Rd7 30. Qd4 Nc6 31. Qc5 Qe6 32. a4 Qd6 33. Qxd6
Rxd6 34. Ka2 b5 35. axb5 axb5 36. Rb1 Na7 37. Be7 Ra6+ 38. Kb2 Kd7 39. Bc5 Kc6
40. Bxa7 Rxa7 41. Rg1 Kc5 42. f3 b4 43. cxb4+ Kxb4 44. Rd1 c3+ 45. Kb1 Kb3 46.
Rd3 Ra2 47. Rxc3+ Kxc3 48. Kxa2 Kd3 0-1

[Event "Tournoi Skype 028A"]
[Site "Skype"]
[Date "????.??.??"]
[Round "1.30"]
[White "Mora Gomez, Carlos Alberto"]
[Black "Pasasin, Alejandro"]
[Result "1-0"]
[WhiteElo "1600"]
[BlackElo "1329"]
[PlyCount "85"]

1. e4 c5 2. Nf3 d6 3. d4 cxd4 4. Nxd4 Nf6 5. Nc3 a6 6. Bd3 e6 7. O-O Be7 8. Bd2
O-O 9. a4 Qc7 10. b3 b6 11. f4 Ne8 12. Kh1 Bf6 13. Nce2 Bd7 14. c3 g6 15. Rc1
Nc6 16. Nxc6 Bxc6 17. f5 gxf5 18. exf5 Ng7 19. Ng3 Bd7 20. fxe6 fxe6 21. Qg4
Kh8 22. Rf2 Rf7 23. Qe4 Ne8 24. Qxa8 Bc6 25. Qxa6 d5 26. Rcf1 Kg8 27. Be2 Qd8
28. Bh5 Rd7 29. Bxe8 Qxe8 30. Rxf6 Bb7 31. Qe2 Rd8 32. Qg4+ Kh8 33. Nh5 Qg8 34.
Qxg8+ Rxg8 35. Rf7 Ba6 36. R1f2 Bd3 37. Bh6 Bf5 38. Bg7+ Rxg7 39. Rxg7 h6 40.
g4 Be4+ 41. Kg1 Bh7 42. Rf8+ Bg8 43. Rfxg8# 1-0

[Event "Tournoi Skype 028A"]
[Site "Skype"]
[Date "????.??.??"]
[Round "1.31"]
[White "Gokcek, Cagri"]
[Black "Serrano Serrano, Samuel"]
[Result "0-1"]
[WhiteElo "1320"]
[BlackElo "1600"]
[PlyCount "88"]

1. e4 d5 2. exd5 Qxd5 3. Nc3 Qa5 4. d4 Nf6 5. Bd2 c6 6. Bd3 Bg4 7. Ne4 Qh5 8.
Nxf6+ exf6 9. Be2 Bxe2 10. Qxe2+ Qxe2+ 11. Nxe2 Nd7 12. O-O Be7 13. Ng3 O-O 14.
Rfe1 Rfe8 15. Nf5 Bf8 16. c4 Rad8 17. Bc3 g6 18. Ne3 Bg7 19. Rad1 f5 20. Nc2 c5
21. a4 Nb6 22. b3 Rxe1+ 23. Rxe1 cxd4 24. Ba5 d3 25. Nb4 Bc3 26. Rd1 d2 27.
Bxb6 axb6 28. Nd5 Re8 29. Ne3 f4 30. Nc2 Re1+ 31. Nxe1 dxe1=Q+ 32. Rxe1 Bxe1
33. Kf1 Bb4 34. Ke2 f5 35. h4 Kf7 36. Kf3 Bc5 37. g3 fxg3 38. fxg3 Ke6 39. g4
fxg4+ 40. Kxg4 Be3 41. b4 Bd2 42. b5 Kd6 43. h5 Kc5 44. h6 Kxc4 0-1

[Event "Tournoi Skype 028A"]
[Site "Skype"]
[Date "????.??.??"]
[Round "1.32"]
[White "Teles, Jeferson Lisboa"]
[Black "Sauvaget, Joel"]
[Result "1/2-1/2"]
[WhiteElo "1599"]
[BlackElo "1290"]
[PlyCount "50"]

1. e4 e5 2. Nf3 d6 3. Bc4 Nf6 4. d4 exd4 5. Nxd4 Nxe4 6. O-O Nf6 7. Nc3 Be7 8.
Re1 O-O 9. Nd5 Nxd5 10. Bxd5 c6 11. Bb3 d5 12. Qf3 Nd7 13. c4 dxc4 14. Bxc4 Nf6
15. Nf5 Bxf5 16. Qxf5 h6 17. Bf4 Bb4 18. Red1 Qc8 19. Qc2 Qg4 20. Be3 a6 21. a3
Ba5 22. h3 Qh5 23. b4 Bc7 24. Re1 Qe5 25. f4 Qe4 1/2-1/2

[Event "Tournoi Skype 028A"]
[Site "Skype"]
[Date "????.??.??"]
[Round "1.33"]
[White "Chavero, Victor"]
[Black "Thoune, Jim"]
[Result "0-1"]
[WhiteElo "1283"]
[BlackElo "1598"]
[PlyCount "72"]

1. d4 d5 2. Nf3 Nf6 3. e3 e6 4. Bd3 Be7 5. Nbd2 O-O 6. b3 Nbd7 7. Bb2 b6 8. O-O
Bb7 9. Qe2 c5 10. c3 Qc7 11. Rac1 a5 12. e4 dxe4 13. Nxe4 Nd5 14. Bb1 Nf4 15.
Qd1 h6 16. Ne5 f5 17. Ng6 Nxg6 18. Ng3 Bg5 19. Rc2 Nh4 20. f3 Be3+ 21. Kh1 Nf6
22. Bc1 Nd5 23. Qe1 f4 24. Bxe3 Nxe3 25. Nh5 Nhxg2 26. Nxf4 Nxe1 27. Nxe6 Qxh2+
28. Kxh2 Nxf1+ 29. Kg1 Nxf3+ 30. Kxf1 Nxd4+ 31. Kg1 Nxe6 32. Rd2 Rad8 33. Rb2
Rf3 34. c4 Rd1+ 35. Kh2 Ng5 36. Bg6 Rh3# 0-1